[Event "55th World U20 ch"]
[Site "Bhubaneswar IND"]
[Date "2016.08.19"]
[Round "11.29"]
[White "Nyamdorj, Davaaochir"]
[Black "Tran Minh Thang"]
[Result "0-1"]
[WhiteElo "2015"]
[BlackElo "2353"]
[EventDate "2016.08.08"]
[PlyCount "103"]

1.e4 c5 2.Nf3 e6 3.g3 Nf6 4.Qe2 Nc6 5.Bg2 Be7 6.O-O O-O 7.Rd1 e5 8.c3 d5 
9.exd5 Qxd5 10.d4 e4 11.Ng5 Bg4 12.f3 exf3 13.Bxf3 Bxf3 14.Qxf3 Rad8 15.
Kg2 cxd4 16.Qxd5 Nxd5 17.cxd4 Ndb4 18.Nc3 Nxd4 19.Nf3 Nxf3 20.Kxf3 Rxd1 
21.Nxd1 Rd8 22.Nf2 Bf6 23.Be3 b6 24.Rb1 h5 25.a3 Nd3 26.Nxd3 Rxd3 27.Ke4 
Rb3 28.Bd4 Bxd4 29.Kxd4 Rf3 30.Re1 Rf2 31.Re8+ Kh7 32.Re7 a5 33.b4 f6 34.
Rb7 axb4 35.axb4 Rxh2 36.Ke3 Kg6 37.Kf3 Rb2 38.Rxb6 Kg5 39.Rb7 Rb3+ 40.Kf2
g6 41.Rb5+ Kg4 42.Rb6 Rf3+ 43.Ke2 Kxg3 44.Rd6 h4 45.b5 h3 46.Rd1 h2 47.Rb1
Rf2+ 48.Kd3 Kg2 49.b6 h1=Q 50.Rxh1 Kxh1 51.Kc3 Rf5 52.Kd4 0-1

[Event "55th World U20 ch"]
[Site "Bhubaneswar IND"]
[Date "2016.08.19"]
[Round "11.30"]
[White "Belous, Mikhail"]
[Black "Dassanayake, D. M. G. S."]
[Result "1-0"]
[WhiteElo "2343"]
[BlackElo "1859"]
[EventDate "2016.08.08"]
[PlyCount "61"]

1.d4 Nf6 2.c4 g6 3.Nc3 d5 4.cxd5 Nxd5 5.e4 Nxc3 6.bxc3 Bg7 7.Bc4 c5 8.Ne2 
O-O 9.O-O Nc6 10.Be3 Bg4 11.f3 Bd7 12.Rb1 Qc7 13.Qd2 Rfd8 14.Rfc1 e6 15.
Bf4 Qc8 16.e5 Be8 17.Qe3 Ne7 18.Bg5 Nf5 19.Qf2 Rd7 20.g4 Ne7 21.Ng3 h6 22.
Bxe7 Rxe7 23.Ne4 Bc6 24.Nd6 Qd7 25.f4 cxd4 26.cxd4 f6 27.Qc2 fxe5 28.fxe5 
Kh7 29.h4 Rf8 30.Rf1 Rg8 31.Rfc1 1-0

[Event "55th World U20 ch"]
[Site "Bhubaneswar IND"]
[Date "2016.08.19"]
[Round "11.31"]
[White "Barath Kalyan, M."]
[Black "Viennot, Dylan"]
[Result "0-1"]
[WhiteElo "2197"]
[BlackElo "2342"]
[EventDate "2016.08.08"]
[PlyCount "92"]

1.d4 d5 2.Nf3 e6 3.c4 c6 4.Qc2 Nf6 5.g3 Be7 6.Bg2 O-O 7.O-O b6 8.Nbd2 Na6 
9.a3 Bb7 10.e4 c5 11.cxd5 exd5 12.e5 Nd7 13.Rd1 Rc8 14.Nf1 cxd4 15.Qf5 g6 
16.Qh3 Nac5 17.Bh6 Re8 18.Re1 Ne6 19.Rad1 Rc2 20.b4 Rc4 21.N1d2 d3 22.Bf1 
a5 23.Bxd3 Rc3 24.Nb1 Rxd3 25.Rxd3 axb4 26.axb4 Bxb4 27.Red1 Ndc5 28.Rd4 
Na6 29.Rxb4 Nxb4 30.Qg4 d4 31.Nbd2 Qd5 32.Re1 Nc2 33.Ne4 Kh8 34.Nfg5 Nxe1 
35.Nxf7+ Kg8 36.Nf6+ Kxf7 37.Nxd5 Bxd5 38.Kf1 Nf3 39.Ke2 Ra8 40.Bf4 Ra2+ 
41.Kd1 d3 42.Kc1 Rc2+ 43.Kb1 Ba2+ 44.Ka1 Nc5 45.e6+ Ke8 46.Qxf3 Nb3# 0-1

[Event "55th World U20 ch"]
[Site "Bhubaneswar IND"]
[Date "2016.08.19"]
[Round "11.32"]
[White "Ritviz Bhiva, Parab"]
[Black "Subhayan, Kundu"]
[Result "1/2-1/2"]
[WhiteElo "2259"]
[BlackElo "2189"]
[EventDate "2016.08.08"]
[PlyCount "94"]

1.e4 e6 2.d4 d5 3.Nc3 Nf6 4.Bg5 Bb4 5.e5 h6 6.Bc1 Ne4 7.Qg4 g6 8.Ne2 c5 9.
a3 Bxc3+ 10.bxc3 cxd4 11.cxd4 Qa5+ 12.c3 Nc6 13.Qf3 b6 14.Qe3 Ne7 15.f3 
Nf5 16.Qg1 Nxc3 17.Bd2 Nxe2 18.Bxe2 Qa4 19.Bb4 a5 20.Bc3 Bd7 21.g4 Qc2 22.
Bd2 Qb2 23.Rc1 Nxd4 24.Bd1 Nc6 25.f4 Rc8 26.Qe3 Ne7 27.Rxc8+ Nxc8 28.O-O 
Ne7 29.Be2 Nc6 30.Rc1 Qd4 31.Bb5 Qxe3+ 32.Bxe3 Na7 33.Ba6 Nc6 34.Bxb6 O-O 
35.Bb5 Nxe5 36.fxe5 Bxb5 37.Bxa5 Ra8 38.Bb4 Be2 39.h3 Bc4 40.Kf2 Kg7 41.
Bd6 f5 42.Ke3 fxg4 43.hxg4 Ra7 44.Rb1 Rf7 45.Rb8 h5 46.g5 h4 47.Re8 Bb5 
1/2-1/2

[Event "55th World U20 ch"]
[Site "Bhubaneswar IND"]
[Date "2016.08.19"]
[Round "11.33"]
[White "Palucha, Szymon"]
[Black "Salles, Louis"]
[Result "0-1"]
[WhiteElo "1932"]
[BlackElo "2235"]
[EventDate "2016.08.08"]
[PlyCount "182"]

1.e4 c5 2.Nf3 d6 3.d4 cxd4 4.Nxd4 Nf6 5.Nc3 a6 6.Be3 e6 7.f3 b5 8.g4 Nfd7 
9.Qd2 Nb6 10.h4 N8d7 11.O-O-O Bb7 12.Qf2 Rc8 13.g5 Rxc3 14.bxc3 Qc7 15.h5 
d5 16.Kb1 Na4 17.Ne2 b4 18.cxb4 dxe4 19.f4 Bxb4 20.Rh3 O-O 21.Bd4 Bd5 22.
Rb3 Rb8 23.Bxg7 Qa5 24.Qd4 Bc5 25.Qa1 Bd6 26.Bh8 f6 27.Bxf6 Ndb6 28.Bh8 
Rb7 29.Qf6 Rf7 30.Qd8+ Bf8 31.g6 hxg6 32.hxg6 Rd7 33.Qf6 Qc5 34.Rc1 Nc4 
35.g7 Rxg7 36.Bxg7 Nd2+ 37.Ka1 Bxg7 38.Rg3 Qc7 39.Nd4 Nf3 40.Nxf3 exf3 41.
c4 Bc6 42.c5 Kh8 43.Rxg7 Qxg7 44.Qxg7+ Kxg7 45.Bxa6 Kg6 46.Bc4 Kf5 47.Bb3 
Kxf4 48.Bxe6 f2 49.Bh3 Ke3 50.a3 Kd2 51.Rc4 Nc3 52.Rf4 Ne4 53.Bg2 Ke3 54.
Rf8 Nf6 55.Bf1 Nd7 56.Rc8 Ne5 57.Kb2 Be4 58.a4 Bd3 59.Bh3 Bf5 60.Rf8 Bxh3 
61.Rxf2 Kxf2 62.Kc3 Ke3 63.Kb4 Kd4 64.Kb5 Bd7+ 65.Kb6 Bxa4 66.Ka5 Bc6 67.
Kb4 Nd3+ 68.Kb3 Nxc5+ 69.Kc2 Bb5 70.Kb2 Nd3+ 71.Ka1 Kc3 72.Ka2 Nb2 73.Ka1 
Bc4 74.Kb1 Bf7 75.Ka1 Kb3 76.Kb1 Nd3 77.Ka1 Nb4 78.Kb1 Nc2 79.Kc1 Kc3 80.
Kb1 Be6 81.Kc1 Ba2 82.Kd1 Nd4 83.Kc1 Ne2+ 84.Kd1 Kd3 85.Ke1 Ke3 86.Kd1 
Bb3+ 87.Ke1 Nf4 88.Kf1 Ba4 89.Ke1 Ng2+ 90.Kf1 Kf3 91.Kg1 Kg3 0-1

[Event "55th World U20 ch"]
[Site "Bhubaneswar IND"]
[Date "2016.08.19"]
[Round "11.34"]
[White "Subramaniam, Shreyes"]
[Black "Squella Lavin, Carlos Felipe"]
[Result "1-0"]
[WhiteElo "1863"]
[BlackElo "2203"]
[EventDate "2016.08.08"]
[PlyCount "103"]

1.e4 e6 2.d4 d5 3.Nc3 Bb4 4.e5 c5 5.a3 Bxc3+ 6.bxc3 Nc6 7.Nf3 Nge7 8.Be2 
Qa5 9.Bd2 c4 10.O-O O-O 11.Ng5 f6 12.exf6 Rxf6 13.f4 Bd7 14.Bg4 Raf8 15.
Qe2 Nf5 16.Bh3 Rg6 17.Kh1 Qd8 18.g4 Nd6 19.Bg2 Kh8 20.h4 h5 21.f5 exf5 22.
gxf5 Nxf5 23.Rxf5 Bxf5 24.Qxh5+ Rh6 25.Nf7+ Rxf7 26.Bxh6 g6 27.Qg5 Qxg5 
28.Bxg5 Rd7 29.Re1 Bxc2 30.Bh3 Bf5 31.Bxf5 gxf5 32.Kg2 b5 33.Re6 Na5 34.
Kf3 Nb3 35.Kf4 a5 36.Rb6 b4 37.axb4 axb4 38.Rxb4 Nc1 39.Kxf5 Ne2 40.Ke6 
Rc7 41.Bf6+ Kh7 42.Be5 Rc8 43.Kxd5 Nxc3+ 44.Kd6 Ne2 45.Kd7 Rg8 46.Rxc4 Rg4
47.Bf6 Rf4 48.Ke7 Ng3 49.Be5 Re4 50.Kf6 Nf1 51.Rc7+ Kh6 52.Kf5 1-0

[Event "55th World U20 ch"]
[Site "Bhubaneswar IND"]
[Date "2016.08.19"]
[Round "11.35"]
[White "Gandhi, Anish"]
[Black "Tahay, Alexis"]
[Result "0-1"]
[WhiteElo "2156"]
[BlackElo "2098"]
[EventDate "2016.08.08"]
[PlyCount "96"]

1.e4 c5 2.Nf3 Nc6 3.d4 cxd4 4.Nxd4 e5 5.Nb5 d6 6.N1c3 a6 7.Na3 Be7 8.Be3 
Nf6 9.Nc4 b5 10.Nb6 Rb8 11.Nxc8 Qxc8 12.Be2 O-O 13.O-O Rd8 14.a3 b4 15.
axb4 Nxb4 16.Qc1 Qb7 17.Rd1 Rbc8 18.Bf3 Nd7 19.Rd2 Nb6 20.Be2 Nc4 21.Bxc4 
Rxc4 22.f3 Rdc8 23.Qd1 R8c6 24.Rc1 Rxc3 25.bxc3 Rxc3 26.Bf2 Qc7 27.f4 exf4
28.Bd4 Rc4 29.Qg4 Rxd4 30.Rxd4 Qc5 31.c3 Na2 32.Rd1 Nxc3 33.Kh1 Nxd1 34.
Rxd1 g5 35.h4 Qe5 36.Rb1 Qxe4 37.Rb8+ Kg7 38.hxg5 d5 39.Re8 Qe1+ 40.Kh2 
Qe5 41.Qc8 h6 42.gxh6+ Kh7 43.Qg4 f3+ 44.Kh3 f2 45.Qg8+ Kxh6 46.Qxf7 f1=Q 
47.Qxf1 Qh5+ 48.Kg3 Bh4+ 0-1

[Event "55th World U20 ch"]
[Site "Bhubaneswar IND"]
[Date "2016.08.19"]
[Round "11.36"]
[White "Thogersen, Rasmus"]
[Black "Weerasinghe, C. C."]
[Result "0-1"]
[WhiteElo "2171"]
[BlackElo "1785"]
[EventDate "2016.08.08"]
[PlyCount "58"]

1.d4 Nf6 2.c4 g6 3.Nc3 d5 4.Nf3 Bg7 5.Qb3 dxc4 6.Qxc4 O-O 7.e4 a6 8.Be2 b5
9.Qb3 c5 10.dxc5 Bb7 11.e5 Nfd7 12.Be3 Nxe5 13.Rd1 Qa5 14.Nxe5 Bxe5 15.O-O
e6 16.h3 Qc7 17.a4 bxa4 18.Nxa4 Nc6 19.Qc4 Rad8 20.Bg5 Rd4 21.Rxd4 Nxd4 
22.Bd3 Bd5 23.Qb4 Qc6 24.Be3 a5 25.Qxa5 Ra8 26.Qb6 Qxa4 27.c6 Nxc6 28.Bb5 
Qe4 29.f3 Qxe3+ 0-1

[Event "55th World U20 ch"]
[Site "Bhubaneswar IND"]
[Date "2016.08.19"]
[Round "11.37"]
[White "Gajwa, Ankit"]
[Black "Avik, Sarker"]
[Result "1-0"]
[WhiteElo "2282"]
[BlackElo "2000"]
[EventDate "2016.08.08"]
[PlyCount "99"]

1.e4 e5 2.Nf3 Nf6 3.d4 Nxe4 4.Bd3 d5 5.dxe5 Be7 6.O-O Nc5 7.Be2 Bg4 8.Nc3 
c6 9.Nd4 Bxe2 10.Qxe2 O-O 11.Nf5 Qd7 12.Qf3 Qe6 13.Be3 Nbd7 14.Rae1 Rfe8 
15.Bd4 Bf8 16.b4 Na6 17.a3 Nc7 18.Qd3 a5 19.f4 axb4 20.axb4 g6 21.Ng3 Qe7 
22.f5 Qxb4 23.e6 Qxd4+ 24.Qxd4 Bc5 25.exf7+ Kxf7 26.fxg6+ Kxg6 27.Rf6+ Kg7
28.Re7+ Kg8 29.Qxc5 Nxc5 30.Rxc7 Ra3 31.Nce2 Rae3 32.Rff7 Rxe2 33.Rg7+ Kh8
34.Rxh7+ Kg8 35.Rhg7+ Kh8 36.Nxe2 Rxe2 37.Rge7 Rxe7 38.Rxe7 Kg8 39.Kf2 Kf8
40.Rc7 Ke8 41.Ke2 Kd8 42.Rf7 b5 43.h4 Ke8 44.Rf3 Ne6 45.Ke3 c5 46.Rf5 d4+ 
47.Ke4 b4 48.Kd5 d3 49.cxd3 Nd4 50.Re5+ 1-0

[Event "55th World U20 ch"]
[Site "Bhubaneswar IND"]
[Date "2016.08.19"]
[Round "11.38"]
[White "Holleland, Sigve"]
[Black "Skettos, Nicolas"]
[Result "1-0"]
[WhiteElo "2106"]
[BlackElo "1561"]
[EventDate "2016.08.08"]
[PlyCount "103"]

1.d4 Nf6 2.c4 e6 3.Nf3 b6 4.g3 Ba6 5.Nbd2 Bb7 6.Bg2 c5 7.e3 Be7 8.O-O O-O 
9.b3 d6 10.Bb2 Nbd7 11.Re1 Ne4 12.Nxe4 Bxe4 13.Nd2 Bxg2 14.Kxg2 Qc7 15.Qf3
Rad8 16.Rad1 g6 17.e4 Bf6 18.e5 dxe5 19.Ne4 Bg7 20.dxe5 Kh8 21.Nf6 Nxf6 
22.exf6 Bh6 23.Be5 Qc8 24.Bd6 Rg8 25.Be7 Rxd1 26.Qxd1 Bf8 27.Qd6 Bxe7 28.
Qxe7 Rf8 29.Rd1 Qe8 30.Rd7 Kg8 31.Rxa7 Qc6+ 32.f3 g5 33.Qd7 Qxd7 34.Rxd7 
Ra8 35.a4 h6 36.Kf2 Rf8 37.Ke3 Kh7 38.Rb7 Kg6 39.Rxb6 Kxf6 40.Rb5 Rd8 41.
Rxc5 Rd1 42.b4 Rb1 43.Rb5 Ke7 44.a5 Rb3+ 45.Kd4 Kd6 46.a6 Kc7 47.Kc5 Rxf3 
48.Rb7+ Kc8 49.Kb6 Rd3 50.c5 e5 51.a7 Ra3 52.c6 1-0

[Event "55th World U20 ch"]
[Site "Bhubaneswar IND"]
[Date "2016.08.19"]
[Round "11.39"]
[White "Seppala, Joni"]
[Black "Hsu Chuan Chia"]
[Result "1-0"]
[WhiteElo "1765"]
[BlackElo "1777"]
[EventDate "2016.08.08"]
[PlyCount "103"]

1.d4 g6 2.c4 Bg7 3.e4 d6 4.Nc3 Nf6 5.Be2 O-O 6.Nf3 e5 7.O-O Nc6 8.d5 Ne7 
9.b4 a5 10.bxa5 c5 11.a4 Rxa5 12.Nd2 Nd7 13.g4 f5 14.f3 f4 15.Nb3 Ra6 16.
Bd2 g5 17.Nb5 h5 18.h3 Nf6 19.Qc2 Kf7 20.Kf2 Rh8 21.Rh1 Ne8 22.a5 Ng6 23.
Rag1 Bf8 24.Nc1 Qf6 25.Nd3 Be7 26.Bc3 Bd8 27.Qd2 Bc7 28.Bd1 Qd8 29.Nxc7 
Qxc7 30.Ba4 b6 31.Bb5 Ra7 32.axb6 Qxb6 33.Rb1 Qc7 34.Ke2 Bd7 35.Bxd7 Qxd7 
36.Qb2 Nf6 37.Nf2 Rha8 38.Ra1 Ra4 39.Kd3 Qa7 40.Rxa4 Qxa4 41.Ra1 Qxa1 42.
Qb7+ Ne7 43.Bxa1 Rxa1 44.Ke2 Ra2+ 45.Kf1 h4 46.Qc7 Ra6 47.Qd8 Ne8 48.Qd7 
Ng7 49.Nd1 Ra3 50.Ke2 Ra2+ 51.Ke1 Rh2 52.Nf2 1-0

[Event "55th World U20 ch"]
[Site "Bhubaneswar IND"]
[Date "2016.08.20"]
[Round "12.1"]
[White "Bersamina, Paulo"]
[Black "Xiong, Jeffery"]
[Result "0-1"]
[WhiteElo "2402"]
[BlackElo "2633"]
[EventDate "2016.08.08"]
[PlyCount "155"]

1.e4 c5 2.Nc3 d6 3.f4 Nc6 4.Nf3 g6 5.Bb5 Bd7 6.O-O Bg7 7.Bc4 Na5 8.Be2 Nf6
9.Qe1 Nc6 10.Bc4 Nd4 11.Qh4 b5 12.Nxd4 cxd4 13.Nxb5 Qb6 14.a4 a6 15.a5 Qc6
16.Na3 Nxe4 17.d3 Nf6 18.Nb1 d5 19.Bb3 Qc5 20.Re1 Ng4 21.Re2 Ne3 22.h3 O-O
23.Qe1 Rab8 24.Ra3 Rfc8 25.Kh1 Bf5 26.Bxe3 dxe3 27.Rxe3 Bxb2 28.Ra2 Bd4 
29.Rf3 h5 30.Nd2 Bc3 31.Qf2 e6 32.Qxc5 Rxc5 33.Nf1 Rxa5 34.Rxa5 Bxa5 35.
Kh2 Bc3 36.g3 a5 37.Ne3 Rb4 38.g4 hxg4 39.hxg4 Bxd3 40.Ng2 a4 41.Bxa4 Be4 
42.Rxc3 Rxa4 43.Ne1 Ra1 44.Re3 Rc1 45.Re2 Kf8 46.Kg3 Ke7 47.g5 Kd6 48.Kf2 
Bf5 49.Nd3 Rh1 50.Ne5 Rh2+ 51.Ke3 d4+ 52.Kd2 Rxe2+ 53.Kxe2 Kd5 54.Kd2 Ke4 
55.Nxf7 Kxf4 56.c3 d3 57.Nd6 e5 58.Nc4 e4 59.Ne3 Kxg5 60.Ke1 Bg4 61.Nd5 
Kf5 62.Kd2 Ke5 63.Ne7 g5 64.Ke3 Bf3 65.c4 g4 66.Ng6+ Kd6 67.Nh4 Kc5 68.Nf5
Kxc4 69.Kd2 Kd5 70.Ke3 Ke6 71.Ng3 Ke5 72.Nf1 Kf5 73.Ng3+ Kg5 74.Nf1 Kh4 
75.Kf2 Kh3 76.Ke3 g3 77.Nd2 g2 78.Kf2 0-1

[Event "55th World U20 ch"]
[Site "Bhubaneswar IND"]
[Date "2016.08.20"]
[Round "12.2"]
[White "Nasuta, Grzegorz"]
[Black "Artemiev, Vladislav"]
[Result "1/2-1/2"]
[WhiteElo "2442"]
[BlackElo "2665"]
[EventDate "2016.08.08"]
[PlyCount "96"]

1.e4 c5 2.Nf3 d6 3.Bb5+ Bd7 4.Bxd7+ Qxd7 5.c4 g6 6.d4 Bg7 7.Nc3 cxd4 8.
Nxd4 Nf6 9.f3 O-O 10.Be3 Rc8 11.b3 Nc6 12.O-O Qd8 13.Qd2 Qa5 14.Rfd1 a6 
15.a4 Nd7 16.Nde2 Rab8 17.Rab1 Nf6 18.Qe1 Qb4 19.Kh1 Ne5 20.Qg1 Ned7 21.
Bd2 Qa5 22.Be3 Rc6 23.Bd4 e6 24.Qe1 h5 25.Bf2 Ne8 26.Qd2 Qd8 27.Qe1 Bh6 
28.Bg3 Qb6 29.Nd4 Rcc8 30.Bf2 Qa5 31.Nde2 Qb4 32.Qg1 Bg7 33.Be1 Qc5 34.Bf2
Qc7 35.Qe1 Bh6 36.Qg1 Nc5 37.Bg3 Bg7 38.Qe1 Bh6 39.Qf2 Nd7 40.Qe1 Rd8 41.
Qg1 Bg7 42.Qe3 Ne5 43.Bf2 Qe7 44.Qd2 Nc6 45.Qe1 Bf6 46.Bb6 Nc7 47.Rbc1 Rd7
48.Qd2 Na8 1/2-1/2

[Event "55th World U20 ch"]
[Site "Bhubaneswar IND"]
[Date "2016.08.20"]
[Round "12.3"]
[White "Maghsoodloo, Parham"]
[Black "Aravindh, Chithambaram"]
[Result "1/2-1/2"]
[WhiteElo "2576"]
[BlackElo "2543"]
[EventDate "2016.08.08"]
[PlyCount "144"]

1.Nf3 Nf6 2.c4 g6 3.Nc3 Bg7 4.g3 b6 5.Bg2 Bb7 6.O-O c5 7.Re1 O-O 8.e4 Nc6 
9.d3 d6 10.Rb1 Nd7 11.a3 e6 12.h3 a6 13.Be3 Nd4 14.Qd2 Nb3 15.Qd1 Nd4 16.
Ne2 Nxf3+ 17.Bxf3 b5 18.Bg2 Qc7 19.cxb5 axb5 20.d4 Nb6 21.b3 Nd7 22.Nc3 
Bc6 23.a4 bxa4 24.Nxa4 Qa5 25.dxc5 Bxa4 26.bxa4 Nxc5 27.e5 Rad8 28.exd6 
Nxa4 29.Rc1 Nc3 30.Qd2 Qa3 31.d7 Na4 32.Bc6 Qb3 33.Qa5 Nb2 34.Bb5 Nd3 35.
Bxd3 Qxd3 36.Red1 Qb3 37.Bb6 Ra8 38.Qxa8 Rxa8 39.Rc8+ Bf8 40.Rdc1 Rxc8 41.
dxc8=Q Qxb6 42.Qa8 h5 43.Rc8 Qb4 44.Qc6 Kg7 45.Kg2 Bd6 46.h4 Be5 47.Ra8 
Qd4 48.Qb7 Qd3 49.Ra7 Qf5 50.Ra5 Qf6 51.Ra3 Qd8 52.Re3 Qc7 53.Qe4 Bf6 54.
Rb3 Qc5 55.Rb7 Qf5 56.Qxf5 exf5 57.f4 Bd4 58.Kf3 Kf6 59.Ke2 Ke6 60.Rb3 Kd5
61.Rd3 Kc5 62.Rd2 Kd5 63.Kf3 Kc5 64.Rd1 Kd5 65.Ke2 Kc5 66.Rd2 Kd5 67.Kd3 
Bg1 68.Re2 Bc5 69.Rb2 Bg1 70.Rb7 Bf2 71.Rxf7 Ke6 72.Rh7 Bxg3 1/2-1/2

[Event "55th World U20 ch"]
[Site "Bhubaneswar IND"]
[Date "2016.08.20"]
[Round "12.4"]
[White "Mosadeghpour, Masoud"]
[Black "Xu Yinglun"]
[Result "1-0"]
[WhiteElo "2437"]
[BlackElo "2516"]
[EventDate "2016.08.08"]
[PlyCount "61"]

1.e4 c5 2.Nf3 d6 3.d4 cxd4 4.Nxd4 Nf6 5.Nc3 a6 6.Be3 e6 7.Be2 Be7 8.O-O 
Nc6 9.f4 O-O 10.Qe1 Nxd4 11.Bxd4 b5 12.Bf3 Bb7 13.Rd1 Qc7 14.e5 dxe5 15.
fxe5 Nd7 16.Bxb7 Qxb7 17.Ne4 Qc7 18.Qg3 Rad8 19.c3 f5 20.Nd6 Nb6 21.Bxb6 
Qxb6+ 22.Kh1 Qc5 23.Rfe1 Rb8 24.Rd4 Rb6 25.Red1 Rfb8 26.h4 Bf8 27.b4 Qc7 
28.c4 bxc4 29.Rxc4 Qd8 30.Rdd4 a5 31.Nxf5 1-0

[Event "55th World U20 ch"]
[Site "Bhubaneswar IND"]
[Date "2016.08.20"]
[Round "12.5"]
[White "Henriquez Villagra, Cristobal"]
[Black "Gagare, Shardul"]
[Result "1/2-1/2"]
[WhiteElo "2520"]
[BlackElo "2486"]
[EventDate "2016.08.08"]
[PlyCount "188"]

1.d4 Nf6 2.c4 e6 3.Nc3 Bb4 4.Qc2 c5 5.dxc5 O-O 6.a3 Bxc5 7.Nf3 Be7 8.Bf4 
Nh5 9.Bd2 b6 10.e4 Bb7 11.Be2 d6 12.Be3 Nd7 13.Rd1 Nhf6 14.O-O a6 15.Nd2 
Qc7 16.f4 Rfe8 17.b4 Rac8 18.g4 h6 19.Rc1 Nh7 20.Bd3 Nhf8 21.Nf3 Ng6 22.
Nd4 e5 23.f5 exd4 24.fxg6 fxg6 25.Bxd4 Bf6 26.Bxf6 Nxf6 27.g5 Ng4 28.Qe2 
Ne5 29.gxh6 gxh6 30.Qe3 Qg7 31.Rfd1 Ng4 32.Qg3 Qd4+ 33.Kf1 Ne3+ 34.Ke2 
Nxd1 35.Qxg6+ Qg7 36.Qxg7+ Kxg7 37.Kxd1 Re5 38.Rc2 Rf8 39.Ke2 Rf4 40.Ke3 
Rh4 41.Kd4 Reh5 42.Rg2+ Rg5 43.Re2 Rhg4 44.Na4 Rg2 45.h4 R5g4 46.Rxg2 Rxg2
47.Nxb6 Rh2 48.c5 dxc5+ 49.bxc5 Rxh4 50.Nc4 Rh1 51.Nd6 Bc6 52.Bxa6 h5 53.
Ke5 h4 54.Kf4 h3 55.Kg3 Ra1 56.Bc8 Rxa3+ 57.Kh2 Rc3 58.Bxh3 Kf6 59.Bg2 Ke5
60.Nf7+ Kf4 61.Nd8 Bd7 62.c6 Bg4 63.e5 Kxe5 64.Nf7+ Kf4 65.Nd6 Rc2 66.Kg1 
Bf3 67.Bxf3 Kxf3 68.Nf5 Kf4 69.Nd4 Rc1+ 70.Kf2 Ke4 71.Ne2 Rxc6 72.Ng3+ Kd3
73.Kf3 Rf6+ 74.Kg4 Ke3 75.Nf5+ Ke4 76.Ng3+ Ke5 77.Kg5 Rf4 78.Nh5 Rf8 79.
Kg4 Rg8+ 80.Kf3 Rg6 81.Ng3 Rg5 82.Ne4 Rh5 83.Nf2 Kf5 84.Ke3 Rh4 85.Nd3 Rc4
86.Nf2 Rc3+ 87.Kd4 Ra3 88.Nd3 Ra8 89.Ke3 Rd8 90.Nf2 Re8+ 91.Kd4 Re2 92.Nd3
Re4+ 93.Kd5 Ra4 94.Nc5 Ra5 1/2-1/2

[Event "55th World U20 ch"]
[Site "Bhubaneswar IND"]
[Date "2016.08.20"]
[Round "12.6"]
[White "Tran Tuan Minh"]
[Black "Narayanan, Sunilduth Lyna"]
[Result "0-1"]
[WhiteElo "2473"]
[BlackElo "2515"]
[EventDate "2016.08.08"]
[PlyCount "154"]

1.Nf3 Nf6 2.b3 g6 3.Bb2 Bg7 4.g3 O-O 5.Bg2 d6 6.d4 c5 7.O-O cxd4 8.Nxd4 d5
9.c4 dxc4 10.bxc4 Qb6 11.Qc1 Bd7 12.c5 Qc7 13.Na3 Nc6 14.Ndb5 Qc8 15.Rd1 
Bh3 16.Bh1 Qf5 17.Qc2 Qh5 18.Nd4 Bd7 19.Bf3 Ng4 20.h4 Bf6 21.Qe4 Nce5 22.
Bg2 Nc6 23.Bf3 Nce5 24.Bg2 Nc6 25.Qd5 Qxd5 26.Bxd5 Rac8 27.Rab1 Na5 28.Nf3
Rc7 29.Bd4 Bxd4 30.Rxd4 Nf6 31.Nc4 Rxc5 32.Nxa5 Rxa5 33.Bxb7 Rxa2 34.e4 
Be6 35.Ng5 Ra5 36.Kg2 Rb8 37.Nxe6 fxe6 38.Rdb4 Kg7 39.Bc6 Rxb4 40.Rxb4 Rc5
41.Ba4 a5 42.Rb7 Kf7 43.f3 Rc4 44.Bb3 Rb4 45.Rxb4 axb4 46.Kf2 Nd7 47.Ke3 
Nc5 48.Bc4 b3 49.Kd4 b2 50.Ba2 Nb3+ 51.Kc3 Nc1 52.Kxb2 Ne2 53.Kc2 Nxg3 54.
Kd3 Kf6 55.Ke3 Nh5 56.Kf2 e5 57.Kg2 Nf4+ 58.Kg3 h5 59.Bc4 g5 60.Bb5 Ng6 
61.hxg5+ Kxg5 62.Bd7 Nf4 63.Bc8 Nd3 64.Ba6 h4+ 65.Kg2 Ne1+ 66.Kf2 h3 67.
Kg3 h2 68.Kxh2 Kf4 69.Kg1 Ke3 70.Kf1 Nxf3 71.Bb7 Nd2+ 72.Ke1 Nxe4 73.Bd5 
Nd2 74.Bb7 Nf3+ 75.Kf1 e4 76.Bc6 Kd3 77.Bb5+ Kd2 0-1

[Event "55th World U20 ch"]
[Site "Bhubaneswar IND"]
[Date "2016.08.20"]
[Round "12.7"]
[White "Xu Yi"]
[Black "Ivekovic, Bozidar"]
[Result "1-0"]
[WhiteElo "2371"]
[BlackElo "2351"]
[EventDate "2016.08.08"]
[PlyCount "77"]

1.e4 c5 2.Nf3 d6 3.Bb5+ Bd7 4.Bxd7+ Nxd7 5.O-O Ngf6 6.Qe2 e6 7.d4 cxd4 8.
Nxd4 Be7 9.c4 O-O 10.Nc3 a6 11.b3 Qb6 12.Be3 Qa5 13.Rac1 Rfe8 14.Rfd1 Bf8 
15.h3 d5 16.exd5 exd5 17.Nxd5 Nxd5 18.cxd5 Nf6 19.Nf5 Rad8 20.Qf3 Rxd5 21.
Nh6+ gxh6 22.Qxf6 Rf5 23.Qh4 Bg7 24.b4 Rh5 25.Qe7 Qe5 26.Qxb7 Qb5 27.Qf3 
Rf5 28.a4 Qe5 29.Qb7 Bf8 30.Rc8 Rf6 31.Rxe8 Qxe8 32.b5 axb5 33.axb5 Qe5 
34.b6 Bd6 35.Qc8+ Kg7 36.Qg4+ Kf8 37.b7 Re6 38.g3 Rg6 39.Rxd6 1-0

[Event "55th World U20 ch"]
[Site "Bhubaneswar IND"]
[Date "2016.08.20"]
[Round "12.8"]
[White "Svane, Rasmus"]
[Black "Dhulipalla, Bala Chandra Prasad"]
[Result "1-0"]
[WhiteElo "2546"]
[BlackElo "2276"]
[EventDate "2016.08.08"]
[PlyCount "81"]

1.Nf3 Nf6 2.c4 g6 3.Nc3 Bg7 4.e4 d6 5.d4 O-O 6.Be2 e5 7.Be3 Ng4 8.Bg5 f6 
9.Bh4 g5 10.Bg3 Nh6 11.dxe5 dxe5 12.Qc2 Na6 13.Rd1 Qe8 14.O-O c6 15.h3 Qe7
16.a3 f5 17.exf5 Nxf5 18.Bd3 Nc5 19.Bxe5 Nxd3 20.Qxd3 Bxe5 21.Rfe1 Nh4 22.
Nxe5 Bf5 23.Qg3 Rae8 24.Nd3 Qg7 25.Nc5 h6 26.Rxe8 Rxe8 27.Kh2 Ng6 28.Qd6 
Kh8 29.Qd4 Ne5 30.N5e4 g4 31.h4 c5 32.Qxc5 Rc8 33.Qd5 Bd7 34.Ng3 Bc6 35.
Qd6 Nxc4 36.Qf4 Ne5 37.Rd6 Rf8 38.Nf5 g3+ 39.fxg3 Ng4+ 40.Kg1 Rxf5 41.Rd8+
1-0

[Event "55th World U20 ch"]
[Site "Bhubaneswar IND"]
[Date "2016.08.20"]
[Round "12.9"]
[White "Yuan Qingyu"]
[Black "Karthikeyan, Murali"]
[Result "0-1"]
[WhiteElo "2366"]
[BlackElo "2514"]
[EventDate "2016.08.08"]
[PlyCount "76"]

1.c4 e5 2.Nc3 Nf6 3.g3 Bb4 4.Bg2 O-O 5.Nf3 Re8 6.O-O c6 7.d4 e4 8.Ne1 d5 
9.Qb3 Qa5 10.cxd5 Bxc3 11.bxc3 cxd5 12.Bg5 Nbd7 13.Nc2 h6 14.Bf4 Nh5 15.
Bd6 Qa6 16.Ba3 Nb6 17.Ne3 Nf6 18.Bc5 Nc4 19.Nxc4 dxc4 20.Qc2 Bf5 21.e3 Qe6
22.Rfd1 b6 23.Ba3 Rad8 24.Bf1 Bh3 25.Bg2 Rd5 26.Bh1 Bg4 27.Re1 Rh5 28.Bg2 
Bf3 29.Bxf3 exf3 30.Qd1 Qg4 31.e4 Nxe4 32.Re3 Qh3 33.Qxf3 Qxh2+ 34.Kf1 
Nd2+ 35.Ke2 Nxf3 36.Rxe8+ Kh7 37.Kxf3 Rf5+ 38.Ke4 Qxf2 0-1

[Event "55th World U20 ch"]
[Site "Bhubaneswar IND"]
[Date "2016.08.20"]
[Round "12.10"]
[White "Karthik, Venkataraman"]
[Black "Lorparizangeneh, Shahin"]
[Result "0-1"]
[WhiteElo "2305"]
[BlackElo "2478"]
[EventDate "2016.08.08"]
[PlyCount "152"]

1.e4 e5 2.Bc4 Nf6 3.d3 Nc6 4.Nc3 Na5 5.Nge2 Be7 6.a3 Nxc4 7.dxc4 O-O 8.Qd3
d6 9.Ng3 Nd7 10.Nf5 Nc5 11.Qf3 Bxf5 12.exf5 Bf6 13.O-O Re8 14.Re1 c6 15.
Bd2 Qe7 16.Rad1 Rad8 17.b4 Nd7 18.Qg4 Qf8 19.Be3 Be7 20.Ne4 a6 21.a4 Nf6 
22.Nxf6+ Bxf6 23.Bb6 Rd7 24.Rd3 Qe7 25.Red1 e4 26.Rh3 d5 27.Bc5 Qd8 28.
cxd5 Rxd5 29.Re1 a5 30.Qh5 h6 31.Rg3 Bg5 32.Qg4 Qf6 33.c3 Qxf5 34.Qxf5 
Rxf5 35.Bd4 axb4 36.cxb4 Rd5 37.Bc3 g6 38.h4 Bf4 39.Rh3 f5 40.Kf1 Kf7 41.
Ke2 Red8 42.Ra1 Ke6 43.a5 Ra8 44.Be1 Be5 45.Ra2 f4 46.Rha3 Ra6 47.Rc2 Bd4 
48.Rc4 Ke5 49.f3 b5 50.Rc2 e3 51.Rd3 c5 52.bxc5 Rxc5 53.Rxc5+ Bxc5 54.Rb3 
b4 55.Bxb4 Bxb4 56.Rxb4 Rxa5 57.Rb6 Kf5 58.h5 gxh5 59.Rxh6 Kg5 60.Rh8 Kh4 
61.Rf8 Kg3 62.Rg8+ Kh2 63.Rf8 Ra2+ 64.Ke1 Ra4 65.Kf1 Ra1+ 66.Ke2 Ra2+ 67.
Ke1 Kxg2 68.Rxf4 Kg3 69.Rf8 h4 70.Rg8+ Kxf3 71.Rf8+ Kg2 72.Rg8+ Kh2 73.Re8
h3 74.Rxe3 Kg2 75.Re8 h2 76.Rg8+ Kf3 0-1

[Event "55th World U20 ch"]
[Site "Bhubaneswar IND"]
[Date "2016.08.20"]
[Round "12.11"]
[White "Arjun, Kalyan"]
[Black "Menezes, Christoph"]
[Result "1/2-1/2"]
[WhiteElo "2292"]
[BlackElo "2408"]
[EventDate "2016.08.08"]
[PlyCount "119"]

1.e4 c5 2.Nf3 d6 3.d4 cxd4 4.Nxd4 Nf6 5.Nc3 a6 6.Be3 e5 7.Nb3 Be7 8.f3 Be6
9.Qd2 O-O 10.O-O-O a5 11.Qe1 Qc7 12.Nb5 Qc6 13.Nxa5 Qc8 14.Kb1 d5 15.exd5 
Nxd5 16.Nb3 Nb4 17.Qc3 Rxa2 18.Qxc8 Rxc8 19.Nc3 Ra8 20.g4 N8c6 21.Nc1 Nd4 
22.Bxd4 exd4 23.Rxd4 Ra1+ 24.Kxa1 Nxc2+ 25.Kb1 Nxd4 26.Be2 g6 27.Rd1 Rd8 
28.Nb5 Nxe2 29.Rxd8+ Bxd8 30.Nxe2 Kg7 31.Kc2 Bc4 32.Nbd4 Kf6 33.Kc3 Ba6 
34.b4 b6 35.b5 Bb7 36.Nc6 Bc7 37.h3 Kg5 38.Kd4 Kh4 39.Nc3 Kxh3 40.Nd5 Bg3 
41.Ke4 Kg2 42.g5 Bf2 43.f4 Bc8 44.Nd4 Bb7 45.Nc6 Kg3 46.Ke5 Bc8 47.Nd8 Bd7
48.Nxf7 Bxb5 49.Nd6 Bd3 50.f5 gxf5 51.Nxf5+ Kg4 52.Nf6+ Kxg5 53.Nxh7+ Kg6 
54.Nf8+ Kf7 55.Nd7 b5 56.Nd4 Ke7 57.Nc5 Bc4 58.Ne4 Bg1 59.Nc3 Bh2+ 60.Ke4 
1/2-1/2

[Event "55th World U20 ch"]
[Site "Bhubaneswar IND"]
[Date "2016.08.20"]
[Round "12.12"]
[White "Basso, Pierluigi"]
[Black "Akash, Ganesan"]
[Result "1/2-1/2"]
[WhiteElo "2455"]
[BlackElo "2400"]
[EventDate "2016.08.08"]
[PlyCount "102"]

1.d4 d6 2.c4 e5 3.Nc3 exd4 4.Qxd4 Nc6 5.Qd2 g6 6.b3 Bg7 7.Bb2 Nf6 8.g3 O-O
9.Nf3 Bf5 10.Bg2 Ne4 11.Nxe4 Bxe4 12.O-O Re8 13.Rad1 a5 14.Rfe1 a4 15.Bxg7
Kxg7 16.b4 a3 17.Nd4 Qf6 18.f3 Nxd4 19.Qxd4 Bf5 20.e4 Be6 21.Qxf6+ Kxf6 
22.Bf1 b5 23.Rc1 Ra4 24.cxb5 Bxa2 25.Rxc7 Be6 26.Bc4 a2 27.Ra1 Rxb4 28.
Bxe6 Rb1+ 29.Rc1 Rxc1+ 30.Rxc1 fxe6 31.Ra1 Ra8 32.Kf2 Ke5 33.b6 d5 34.exd5
exd5 35.h4 Kd4 36.b7 Rb8 37.Rxa2 Rxb7 38.Ke2 Rb4 39.Rd2+ Kc4 40.Rc2+ Kd4 
41.Rd2+ Ke5 42.Ra2 Rb3 43.Ra7 Rb2+ 44.Ke3 h5 45.Re7+ Kf6 46.Rd7 Rb3+ 47.
Kf4 Rb4+ 48.Ke3 Ke5 49.Re7+ Kf5 50.Rf7+ Ke6 51.Rg7 Kf6 1/2-1/2